000 00650nam a22001935i 4500
001 162958
003 ES-MaACL
005 20250703063118.0
008 050713s1890 sp |||| | spa d
040 _aCAM
_bspa
_cCAM
100 1 _aRenan, Ernest,
_d1823-1892
_996168
245 1 2 _aL'avenir de la science
_b: pensées de 1848 /
_cpar Ernest Renan.
250 _a[1e éd.].
260 _aParis :
_bCalmann Lévy, Ancienne Maison Michel Lévy Frères,
_c1890 (
_fImprimerie Chaix)
300 _aXX, 541 p. ;
_c23 cm.
752 _aFrancia -
_dParís
852 _aES-MaACL
_jF-10880
_z-- Enc. pasta española
999 _c162958
_d162958